Pripravme si zeminu na jarné predpestovanie sadencov

Bibliographic Details
Format: Article
Language:Slovak
PhysicalDescription:Fotogr. 1
ISSN:0862-5565
Subjects:

MARC

LEADER 00000nab a2200000 a 4500
001 vtls000472898
003 SK-MaSNL
005 20260328034757.0
008 120926c1992 xo 0 slo
015 |a SNBRB19rr/mm-uuuuu 
035 |a CL0473032 
040 |a SNKBUCL  |b slo  |c SNKBUCL  |e AACR2 
041 0 |a slo 
044 |a xo  |c SK 
080 |a 635:631.4  |2 1981 
245 1 0 |a Pripravme si zeminu na jarné predpestovanie sadencov  |c D. Kubáček 
300 |b Fotogr. 1 
650 0 7 |a zeminy záhradnícke  |2 snkbucl  |9 932894 
655 7 |a články z novín a časopisov  |2 snkbucl  |9 267496 
773 0 |t Záhradkár  |g Roč. 28, č. 11 (1992), s. 251  |x 0862-5565 
850 |a Slovenská národná knižnica v Martine  |a MTA001 
852 |a SNK  |b KIS3GCP 
958 |a RK 
992 |a RBX 
999 |c 1579721  |d 1581651